| 000 | 00407nam a22001697a 4500 | ||
|---|---|---|---|
| 003 | NUST - PNEC | ||
| 005 | 20170116181147.0 | ||
| 008 | 151013b xxu||||| |||| 00| 0 eng d | ||
| 020 | _a- | ||
| 040 | _cLIBRARY | ||
| 082 | _a629.13 STE | ||
| 100 |
_915139 _aStever, H. Guyford; |
||
| 245 |
_aFlight _c H. Guyford;Stever |
||
| 260 | _cc 1981 | ||
| 650 |
_915141 _aAeronautics _xGeneral |
||
| 942 |
_2ddc _cBK |
||
| 999 |
_c70784 _d70784 |
||